| 000 | 00433 a2200133 4500 | ||
|---|---|---|---|
| 999 |
_c6638 _d6638 |
||
| 020 | _a9780199105342 | ||
| 050 | _aP106OXF1999 | ||
| 245 |
_a Oxford young readers' thesaurus / _ccompiled by Alan Spooner |
||
| 264 |
_aOxford : _bOxford University Press, _c1999 |
||
| 300 | _a297p. : | ||
| 500 | _ayoung readers thesaurus | ||
| 650 | _a English language -- Synonyms and antomyms -- Dictionaries, Juvenile. | ||
| 942 |
_2lcc _cBK _h106 _iOXF _kP |
||